000 01184cab a2200313 4500
001 X1055
008 090401t1993 xxu||||| |||| 00| 0 eng d
035 _a(Sirsi) u14458
041 _aeng
245 _aGateshead MBC and Pattinson
260 _c1993
350 _a0
490 _aPlanning Appeal Decisions
_v(1993) 8 PAD 461-465(5)
520 _aInquiry 16 March 1993. Decision letter 11 May 1993. Convesrion of redundant farm buildings to dwellings - retention of existing dwellings - earlier planning permission - whether access appropriate in green belt - whether special circumstances - benefits to residents and to highway safety - conditions.
650 _aBARN CONVERSION
650 _aDOE CIRCULAR 1 /85
650 _aDOE CIRCULAR 14/1984
650 _aDOE CIRCULAR 02/1987
650 _aGREEN BELT
650 _aLOCAL GOVERNMENT ACT 1972 S250(5)
650 _aPLANNING APPEAL
650 _aPLANNING PERMISSION
650 _aPLANNING POLICY GUIDANCE NOTE 2 (GREEN BELTS)
650 _aREDUNDANT FARM BUILDINGS
650 _aTOWN AND COUNTRY PLANNING ACT 1990 S78
690 _aPLANNING LAW AND PRACTICE-CASE LAW
942 _n0
948 _c04/03/1997
999 _c9421
_d9421